| 000 | 01367nam a2200313 4500 | ||
|---|---|---|---|
| 001 | 0000019235 | ||
| 003 | CO-CtgCURN | ||
| 005 | 20250520172840.0 | ||
| 007 | ta | ||
| 008 | 160627s2002 000 0 eng d | ||
| 020 | _a9701037545 | ||
| 040 |
_aCO-CtgCURN _bspa _ccoctgcurn |
||
| 082 | 0 |
_a617 _bH17R2a |
|
| 100 | 1 | _aHaring, Joen Iannucci. | |
| 245 | 1 | 0 |
_aRadiología dental : _bprincipios y técnicas / _cJoen Iannucci Haring, Laura Jansen , traducción Armando Dominguez Pérez. |
| 250 | _a2a ed. | ||
| 260 |
_aMexico : _bMcGraw-Hill, _c2002. |
||
| 300 | _axiv, 615 p. | ||
| 336 | _2rdacontent | ||
| 337 |
_2rdamedia _asin mediacion _bn |
||
| 338 |
_2rdacarrier _avolumen _bnc |
||
| 500 | _aGlosario : p. 572-592 \ Incluye bibliografias e indice \ Titulo original. Dental radiography, principles and techniques. | ||
| 505 | 8 | _aContenido: Principios basicos de la radiacion.--Principios basicos de equipo, pelicula y procesamiento.--Principios basicos para el radiologo dental.--Principios basicos de la tecnica.--Anatomía normal y principios basicos del montaje de la pelicula.--Principios basicos de la interpretacion de radiografias | |
| 650 | 1 | 4 |
_aDientes _vRadiografias. |
| 700 | 1 | _aI.Jansen Lind, Laura. | |
| 908 | _a160627 | ||
| 942 |
_cBK _h617 _iH17R2a _2ddc _n0 |
||
| 999 |
_c23095 _d23095 |
||